Quizzes
Events
Quiz Creation
Community
Videos
Private Events
Remove Ads
Sign In
Join for FREE
Feedback
Dark Mode
Quiz Categories
Sports
Geography
Music
Movies
Television
Just For Fun
Miscellaneous
History
Literature
Language
Science
Gaming
Entertainment
Religion
Holiday
For Kids
Quiz Lab
Recent
Popular Today
Quiz Kudos Today
Editor Picks
Curator Picks
Quizzes by...
Day
Popularity
Type
Ratings
Length
Year
Community
Subscriptions
Recent Discussions
Orange Saloon
Badges
Playlists
Quests
Create
Leaderboards
Showdown
Live 5
Trivia Bingo
Activity
Puzzle Library
Sporcle Events
Private Events
Virtual Trivia
Globe League
Become a Host
Pub Owners
SporcleCon
Opinionation
Our Games
Videos
Blog
Mobile Apps
Partnerships
Remove Ads and Go Orange
Feedback
Sports
Athletes
MLB
NBA
NHL
NFL
Soccer
Sports Teams
WWE
NCAA
Football
Premier League
Basketball
Baseball
Hockey
Golf
Tennis
Cricket
Rugby
Auto Racing
Olympics
World Cup
Sports
Athletes
MLB
NBA
NHL
NFL
Soccer
Sports Teams
WWE
NCAA
Football
Premier League
Basketball
Baseball
Hockey
Golf
Tennis
Cricket
Rugby
Auto Racing
Olympics
World Cup
Random Quiz
Search Sporcle
×
Quiz Lab
Quiz Lab
Sports
Country
Type in answers that appear in a list
Type in answers that appear in a list
Classic
Best Score? Go Orange.
Top 101 UEFA club teams Stats
Can you name the Top 100 UEFA club teams?
By
Steesh
12m
101 Questions
2,554 Plays
2,554 Plays
2,554 Plays
Comments
Comments
Give Quiz Kudos
Give Quiz Kudos
-
- Ratings
hide this ad
More Info
Replay
Link that replays current quiz
Next Quiz
Link to next quiz in quiz playlist
You Got
0%
They Got
Avg Score
53%
Avg Friend Score
Upgrade to see
Score Distribution
Jump to the score distribution portion of the page
Score
0/101
Timer
12:00
0
Plays Today
Ranking
Club
% Correct
1
FC Barcelona
99.1%
2
Manchester United
98.7%
=2
Chelsea
98%
13
Real Madrid
97.9%
4
Arsenal
96.9%
6
Liverpool
96.2%
7
AC Milan
94.8%
8
Bayern München
93.7%
11
Internazionale
92.9%
10
Olympique Lyon
87.4%
24
Valencia
86.2%
12
AS Roma
85.9%
15
FC Porto
85.9%
30
Ajax Amsterdam
85.5%
29
Juventus
85.3%
27
Tottenham Hotspur
82.9%
=62
Manchester City
81.9%
49
Glasgow Celtic
79.9%
5
Sevilla
79.6%
26
Glasgow Rangers
79.5%
18
PSV Eindhoven
78.4%
25
Olympique Marseille
78.1%
43
Everton
75.3%
37
Atlético Madrid
75.1%
19
Benfica
74.7%
41
Dynamo Kiev
71.5%
47
Paris Saint-Germain
71%
33
Sporting CP Lisbon
69.5%
82
Aston Villa
67.8%
86
Lazio Roma
67.3%
20
CSKA Moscow
67.2%
42
Galatasaray
65.5%
14
Hamburger SV
64.8%
=62
Newcastle United
64.2%
Ranking
Club
% Correct
32
Schalke 04
63.5%
21
Fiorentina
63.2%
28
Olympiakos Piraeus
62.5%
31
Fenerbahçe
62.1%
9
Werder Bremen
61.9%
23
Girondins Bordeaux
61.3%
45
Bayer Leverkusen
61.1%
87
Fulham
59.9%
66
VfL Wolfsburg
56.7%
16
Shakhtar Donetsk
56.4%
55
Anderlecht
55.7%
44
Lille OSC
55.3%
22
Zenit St. Petersburg
55%
35
Panathinaikos
54.4%
38
FC Basel
53.4%
36
VfB Stuttgart
52.6%
17
Villarreal
51.5%
95
AS Monaco
51.3%
39
AZ Alkmaar
49.8%
58
Besiktas
48.9%
71
Sparta Praha
48.6%
=91
Deportivo La Coruña
48.5%
60
Spartak Moscow
47.9%
88
FC Twente Enschede
46.4%
=91
Athletic Bilbao
45.9%
40
Steaua Bucuresti
43%
75
AEK Athens
42.8%
70
Blackburn Rovers
42.5%
67
Sampdoria
42.5%
72
Hapoel Tel-Aviv
42.2%
50
Bolton Wanderers
41.3%
90
AC Parma
41.1%
46
Sporting Braga
41%
34
RCD Espanyol
39.6%
Ranking
Club
% Correct
48
Udinese
39.5%
=73
Real Betis
38.8%
54
Palermo
37.2%
=83
Standard Liège
37%
57
Club Brugge
36%
56
FC København
34.7%
59
Hertha BSC
34.7%
94
Portsmouth
33.2%
69
Slavia Praha
32.1%
97
Maccabi Haifa
31.9%
53
Middlesbrough
31.5%
76
Lokomotiv Moscow
30.5%
=83
Rosenborg BK
29.9%
=99
AJ Auxerre
28.8%
61
Getafe
28.7%
65
RC Lens
27.3%
=80
AS Saint-Étienne
26.6%
=99
Toulouse
23.2%
=73
Celta de Vigo
22.5%
79
AaB Aalborg
22.3%
=99
Stade Rennais
21.2%
77
Levski Sofia
20.7%
68
Dinamo Bucuresti
20.4%
51
CA Osasuna
20.3%
93
FC Zürich
19.6%
64
Heerenveen
18.7%
=80
AS Nancy Lorraine
17.2%
89
Racing Santander
17.2%
52
Rapid Bucuresti
12.7%
78
Metalist Kharkiv
12.4%
85
RC Strasbourg
10.7%
98
1.FC Nürnberg
10.7%
96
Livorno
7.7%
Quiz Playlist
Details
Report
Send in Message
Add To Playlist
More Info:
Game is based on UEFA's co-efficient rankings, which are based on the previous 5 years of competition. Data as of 17th Dec 2010
Classic:
Type in answers that appear in a list
Quiz Source
Last Updated: Jun 1, 2018
Quiz Scoreboard
CHALLENGE
Sign Up to Join the Scoreboard
Show All
Scores
Hide
Comments
May contain spoilers
Recently Published
Movies - When Are They Set?
by FPL_Elf
Movies
5m
Popular People in 1961
by mucciniale
History
6m
1-10 Letter E Words III
by El_Dandy
Language
2m
More to Explore
Quiz From the Vault
Featured Blog Post
Where Did the Easter Bunny Come From?
hide this ad
You Might Also Like...
Tags
Country Quiz
100
101
club
team
Top 100
UEFA
Today's Top Quizzes in Sports
Browse Sports
hide this ad
Today's Top Quizzes in Country
Browse Country
Top Contributed Quizzes in Sports
1
Les meilleurs buteurs des matchs entre le PSG et l’OM
2
FIFA Club World Cup Champions
3
Les entraîneurs de l'OM et du PSG au 21e siècle
4
2022 World Cup Stars
5
Name the Premier League winners with different clubs
6
La finale Lions - Afrique du Sud 2021
7
Criteria MLB: Left Handed Sluggers
8
Les joueurs passés par le LOSC et le RC Lens
9
Players with Multiple 50 Home Run Seasons
10
MLB Players with Two .350 Batting Average Seasons
Explore More
Trending Topics
Crossword
Kpop
NBA
Marvel
Anime
Disney
Harry Potter
NFL
WWE
Pokémon
The Office
Puzzle
Country
Soccer
Song
hide this ad
More By:
Steesh
Quiz
Plays
Rating
Category
Featured
Created
Choose the closest city?
12,537
2.83
Geography
Nov 23, 2009
who they attained their independence from
3,108
4.38
Geography
Nov 2, 2009
Top 101 UEFA club teams
2,554
3.76
Sports
Dec 17, 2009
Choose the closest city? 2
667
3.27
Geography
Dec 2, 2009
Football's CONCACAF members
613
4.36
Sports
Oct 28, 2009
Go to Creator's Profile
Score Distribution
Quiz Creator Spotlight
Steesh
Follow
Send a Message
Quizzes Created
-
Created Quiz Play Count
-
More By This Creator
Popular Quizzes Today
1
Find the US States - No Outlines Minefield
2
Find the Countries of Europe - No Outlines Minefield
3
The Countries of the World
4
Popular People in 1961
5
1-10 Letter E Words III
6
US States
7
Find the US States
8
One Thing in Common: World Cities II
More Sports Quizzes
Mega-Sorting Gallery: The NFL
Curator's Pick
Trending Quizzes
Risky Map Clicking: Least Populous States A-Z
1-10 Letter F Words
Humor Books: The Subtitles
1-10 Letter G Words
One Thing in Common: United Kingdom
Recently Updated
Leaping Animals
pecheneg
Reality TV Shows (A-Z)
bhenderson79
Rickey Henderson's Hall of Fame Teammates
pecheneg
Champions League XIs: Arsenal
pecheneg
Quick Pick: Celebrities in WWE's Hall of Fame
aduchscher
A-Z Keypad Blitz II
pecheneg
Multiple Oscar Actors
pecheneg
Mystery Phrase Blitz: Oscar 'Best Actors'
pecheneg
F. Scott Fitzgerald Novels
LTH
Pick 3 Villains
ddd62291
Trending Topics
NBA
Harry Potter
Kpop
Disney
Crossword
Anime
Marvel
Country
NFL
Puzzle
Pokémon
Soccer
The Office
WWE
Song
Your Account Isn't Verified!
In order to create a playlist on Sporcle, you need to verify the email address you used during registration. Go to your
Sporcle Settings
to finish the process.
Report this User
Report this user for behavior that violates our
Community Guidelines
.
Details:
Send Report
Go to the Sporcle.com Mobile Site →
Comments